Central Library OPAC University of Rajshahi

Problems in linear and nonlinear programming / (Record no. 8538)

MARC details
000 -LEADER
fixed length control field 00875nam a2200265 a 4500
001 - CONTROL NUMBER
control field 8538
003 - CONTROL NUMBER IDENTIFIER
rucl marc code BD-RjUL
005 - DATE AND TIME OF LATEST TRANSACTION
control field 20211208234616.0
008 - FIXED-LENGTH DATA ELEMENTS--GENERAL INFORMATION
fixed length control field 140118s1975 enka 000 0 eng d
020 ## - INTERNATIONAL STANDARD BOOK NUMBER
International Standard Book Number 0852642296 (cased)
-- 0852642369 (limp bound)
035 ## - SYSTEM CONTROL NUMBER
System control number (BD-RjUL)8583
040 ## - CATALOGING SOURCE
Original cataloging agency DLC
Transcribing agency DLC
Modifying agency DLC
-- BD-RjUL)
Language of cataloging eng
041 ## - LANGUAGE CODE
Language code of text/sound track or separate title eng
082 00 - DEWEY DECIMAL CLASSIFICATION NUMBER
Classification number 519.72
Author mark and year VAP 1975
Edition number 23
100 1# - MAIN ENTRY--PERSONAL NAME
Personal name Vajda, S.
9 (RLIN) 23645
245 10 - TITLE STATEMENT
Title Problems in linear and nonlinear programming /
Statement of responsibility, etc. S. Vajda.
260 ## - PUBLICATION, DISTRIBUTION, ETC. (IMPRINT)
Place of publication, distribution, etc. London :
Name of publisher, distributor, etc. Griffin,
Date of publication, distribution, etc. 1975.
300 ## - PHYSICAL DESCRIPTION
Pagination viii, 250 p. :
Illustrations ill. ;
Size 24 cm.
490 0# - SERIES STATEMENT
Series statement Griffin's exercises in statistics and related subjects
650 #0 - SUBJECT ADDED ENTRY--TOPICAL TERM
Topical term or geographic name as entry element Linear programming
9 (RLIN) 26579
Topical term or geographic name as entry element Programming (Mathematics)
9 (RLIN) 233761
Topical term or geographic name as entry element Nonlinear programming
9 (RLIN) 233762
830 ## - SERIES ADDED ENTRY--UNIFORM TITLE
Uniform title Griffin's exercises in statistics and related subjects
942 ## - ADDED ENTRY ELEMENTS (KOHA)
Source of classification or shelving scheme Dewey Decimal Classification
Koha item type Books
Holdings
Lost status Source of classification or shelving scheme Damaged status Not for loan Collection code Permanent Location Current Location Shelving location Date acquired Source of acquisition Cost, normal purchase price Total Checkouts Full call number Date last seen Copy number Koha item type
  Dewey Decimal Classification   Not For Loan Non-fiction Central Library, University of Rajshahi Central Library, University of Rajshahi Reading Room 15/09/1984 Toppan Tulip. 18.45   519.72 VAP 1975 18/01/2014 C-1 Books
  Dewey Decimal Classification     Non-fiction Central Library, University of Rajshahi Central Library, University of Rajshahi   15/09/1984 Toppan Tulip 18.45   519.72 VAP 1975 16/10/2019 C-2 Books